000 00592nam a2200193 i 4500
001 48925
003 ES-MaACL
005 20230906161840.0
007 t|
008 030702s1974 sp ||||1| spa d
100 1 _aCorella Estella, Fautino.
_940578
245 1 0 _aCuatro leyendas /
_cpor Faustino Corella.
260 _aPamplona :
_bDiputación Foral de Navarra,
_c[1974]
300 _a30 p., 2 lám. ;
_c22 cm.
490 1 _aNavarra. Temas culturales ;
_v208
830 0 _aNavarra. Temas culturales ;
_v208
_9230082
852 _aES-MaACL
_j2092-F-9
_bR.90085
999 _c48925
_d48925